Washington Irving's contributions to The corrector (Record no. 153867)
[ view plain ]
| 000 -LEADER | |
|---|---|
| fixed length control field | 01309nam a2200313 a 4500 |
| 100 1# - MAIN ENTRY--AUTHOR NAME | |
| Personal name | Roth, Martin. |
| 245 10 - TITLE STATEMENT | |
| Title | Washington Irving's contributions to The corrector |
| 260 ## - PUBLICATION, DISTRIBUTION, ETC. (IMPRINT) | |
| Place of publication | Minneapolis, Minn. : |
| Name of publisher | University of Minnesota Press, |
| Year of publication | 1968. |
| 300 ## - PHYSICAL DESCRIPTION | |
| Number of Pages | 130 p. |
| 490 1# - SERIES STATEMENT | |
| Series statement | Minnesota monographs in the humanities ; |
| 856 40 - ELECTRONIC LOCATION AND ACCESS | |
| Uniform Resource Identifier | http://site.ebrary.com/lib/rucke/Doc?id=10231266 |
No items available.
